| 000 | 01168nam a2200289 i 4500 | ||
|---|---|---|---|
| 001 | bg | ||
| 003 | BPK | ||
| 005 | 20200814101111.0 | ||
| 008 | s1990 pl f f |000 0 pol | ||
| 040 | _cBPK | ||
| 041 | _apol | ||
| 080 | _a536.7 | ||
| 080 | _a(075.8) | ||
| 100 | 1 |
_aMikielewicz, Jarosław _d(1941- ). _eAutor |
|
| 245 | 1 | 0 |
_aWybrane zagadnienia z termomechaniki / _cJarosław Mikielewicz, Andrzej Rasmus. |
| 260 |
_aKoszalin : _bWydaw. Uczelniane WSI, _c1990. |
||
| 300 |
_a98 s. : _brys., wykr. ; _c24 cm. |
||
| 490 | 1 | _aSkrypty / Wyższa Szkoła Inżynierska w Koszalinie | |
| 655 | 4 | _aPodręczniki akademickie | |
| 650 | 9 | _aTermodynamika | |
| 710 | 2 |
_aWydawnictwo Uczelniane (Wyższa Szkoła Inżynierska ; Koszalin) _bWydawnictwo Uczelniane. _4pbl. |
|
| 700 | 1 |
_aRasmus, Andrzej _eAutor |
|
| 856 |
_uhttp://dlibra.tu.koszalin.pl/dlibra/docmetadata?id=368&from=&dirids=1&ver_id=&lp=1&QI= _yBiblioteka Cyfrowa |
||
| 856 |
_uhttp://koha.tu.koszalin.pl/cgi-bin/koha/opac-detail.pl?biblionumber=4669 _yKatalog online BPK |
||
| 830 | 0 | _aSkrypty - Wyższa Szkoła Inżynierska w Koszalinie | |
| 942 |
_cKS _2UKD |
||
| 999 |
_c4669 _d4669 |
||